| 000 | 00416nam a2200157Ia 4500 | ||
|---|---|---|---|
| 008 | 240729s9999 xx 000 0 und d | ||
| 022 | _a2183-9956 | ||
| 245 | 0 | _aStreet Art & Urban Creativity | |
| 260 | _aPortugal | ||
| 260 | _bStreet Art & Urban Creativity | ||
| 650 | _a Painting | ||
| 650 | _aFine Arts | ||
| 856 | _uhttps://doaj.org/toc/0fb3d1bc128948e58fbc4da594302ebe | ||
| 942 | _2ddc | ||
| 942 | _cDOAJEJ | ||
| 999 |
_c65954 _d65954 |
||
| 945 |
_a1 _bMadushi Gamage _c1 _dMadushi Gamage |
||